Cuentos latinoamericanos I : (Registro nro. 7292)

Detalles MARC
000 -LIDER
fixed length control field 00814nam a2200265 a 4500
001 - NÚMERO DE CONTROL
Identificador de número de control 000036824
003 - IDENTIFICACDOR DE NÚMERO DE CONTROL
control field DO-SdBNP
005 - DATE AND TIME OF LATEST TRANSACTION
control field 20170524123417.0
007 - CAMPOS FIJOS DE DESCRIPCIÓN FÍSICA
fixed length control field 000036824
008 - ELEMENTOS DE LONGITUD FIJA
fixed length control field 090821s2009 dr 000 j spa d
020 ## - ISBN
International Standard Book Number 9789945870206
040 ## - FUENTE DE CATALOGACIÓN
Agencia que crea de manera original el registro BPMSU
Idioma de catalogación spa
Agencia que realiza la transcripción BPMSU
082 04 - NÚMERO DE CLASIFICACIÓN DECIMAL DE DEWEY
Classification number H463.44
Item number V468c
100 1# - ASIENTO PRINCIPAL -- NOMBRE PERSONAL
Nombre personal Ventura, Abel,
Fechas asociadas con el nombre 1954-
245 10 - MENCIÓN DE TITULO
Título Cuentos latinoamericanos I :
Subtítulo anílisis /
Mención de responsabilidad Abel Ventura.
260 ## - PUBLICACIÓN, DISTRIBUCIÓN, ETC. (PIE DE IMPRENTA)
Lugar de publicación, distribución, etc San Francisco de Macorís :
Nombre del editor, distribuidor, etc. Rinosa
Fecha de publicación, distribución, etc 2009.
300 ## - DESCRIPCIÓN FÍSICA
Extensión 20 p. ;
Dimensiones 21 cm.
590 ## - NOTA LOCAL
Texto de la nota local La biblioteca posee 3 ejemplares autografíados por el autor.
650 #4 - ENCABEZAMIENTO DE MATERIA--TEMÁTICO
Término temático o nombre geográfico como elemento de entrada CUENTOS LATINOAMERICANO
650 #4 - ENCABEZAMIENTO DE MATERIA--TEMÁTICO
Término temático o nombre geográfico como elemento de entrada LITERATURA LATINOAMERICANA
900 ## - EQUIVALENCIA O REFERENCIA CRUZADA NOMBRE PERSONAL [LOCAL, REPÚBLICA DOMINICANA]
Enlace Reusar registro
910 ## - VALIDACIÓN
Validación Validado. Control de calidad MFF
942 ## - ADDED ENTRY ELEMENTS (KOHA)
Source of classification or shelving scheme Dewey Decimal Classification
Koha item type Libros
956 ## - LOCAL ELECTRONIC LOCATION AND ACCESS (OCLC)
Nombre de host VMATEO
Número de acceso 10
Información de compresión 20150923
Inicio de sesión BPMSU
Procesador de solicitud 0069
Existencias
Withdrawn status Lost status Source of classification or shelving scheme Damaged status Not for loan Collection code Home library Current library Date acquired Total Checkouts Full call number Barcode Date last seen Price effective from Koha item type Copy number
    Dewey Decimal Classification     Colección Dominicana Biblioteca Pública Metropolitana Salomé Ureña Biblioteca Pública Metropolitana Salomé Ureña 01/30/2015   H463.44 V468c BPMSU15040943 01/30/2015 01/30/2015 Libros  
    Dewey Decimal Classification     Colección Dominicana Biblioteca Pública Metropolitana Salomé Ureña Biblioteca Pública Metropolitana Salomé Ureña 01/30/2015   H463.44 V468c BPMSU15040944 01/30/2015 01/30/2015 Libros ej. 2
    Dewey Decimal Classification     Colección Dominicana Biblioteca Pública Metropolitana Salomé Ureña Biblioteca Pública Metropolitana Salomé Ureña 01/30/2015   H463.44 V468c BPMSU15040945 01/30/2015 01/30/2015 Libros ej. 3